| 000 | 00358cam a22001337a 4500 | ||
|---|---|---|---|
| 008 | 180718b1957 xxu||||| |||| 00| 0 eng d | ||
| 082 | _aT17 T877 | ||
| 100 | _aTustin, Arnold | ||
| 245 |
_aThemechanism of economic systems _cby Arnold Tustin |
||
| 250 | _a2nd ed. | ||
| 260 |
_aMelbourne _bWilliam Heinemann _c1957 |
||
| 300 | _axi,191p. | ||
| 650 | _aEconomics | ||
| 999 |
_c435295 _d435295 |
||